000 00459nam a22001817a 4500
003 OSt
008 250421b |||||||| |||| 00| 0 eng d
020 _a9789365892314
082 _a006.133 CHP
100 _aM,Chandrika
245 _aPython Fundamentals for Data Analytics
250 _a1st Ed
260 _aNew Delhi
_bBPB
_c2025
300 _a258
650 _aPython Fundamentals for Data Analytics
700 _aSHETTY,Pavithra B
942 _2ddc
_cBK
999 _c13375
_d13375